| 000 | 006240000a22002050004500 | ||
|---|---|---|---|
| 020 | _a978-3-438-06005-1 | ||
| 041 | 0 | _aESP | |
| 082 | 0 | 4 | _aG 487.4 T157d |
| 100 | 1 | _aTamez , Elsa | |
| 245 | 1 | 0 | _aDiccionario Conciso Griego - Español del Nuevo Testamento / Elsa Tamez |
| 260 | _aStuttgart, Germany : Deutsche Bibelgesellsschaft | ||
| 300 | _a200 p. | ||
| 501 | _arústico | ||
| 650 | 1 | 4 | _aBIBLIA N.T. - GRIEGO - DICCIONARIO \ BIBLIA N.T. - TEXTOS ORIGINALES - GRIEGO |
| 001 | 18175 | ||
| 942 | _cBK | ||
| 999 |
_c44647 _d44647 |
||
| 336 |
_atexto _btxt _2rdacontent |
||
| 337 |
_2rdamedia _asin mediación _bn |
||
| 338 |
_2rdacarrier _avolumen _bnc |
||